00304nam a2200121Ia 4500008004100000041001200041082001100053100001700064245006900081260000600150650000600156700002000162221030s9999 xx 000 0 und d aEnglish a105.23 aR. K. Zutshi 0aElementary Inorganic Chemistrycby R. K. Zutshi, Gulam Mohd. Mir c0 aB aGulam Mohd. Mir